Loading...
| Current Events | 4 | 12.50 | 100% | 25% | 0% |
| Fine Arts - Classical Music | 5 | 16.00 | 80% | 80% | 0% |
| Fine Arts - Other | 8 | 10.00 | 63% | 25% | 13% |
| Fine Arts - Painting & Sculpture | 6 | 15.00 | 100% | 33% | 17% |
| Geography | 6 | 15.00 | 83% | 67% | 0% |
| History - American | 5 | 12.00 | 100% | 20% | 0% |
| History - European | 4 | 7.50 | 50% | 25% | 0% |
| History - Other | 12 | 11.67 | 75% | 33% | 8% |
| History - World | 6 | 8.33 | 67% | 17% | 0% |
| Literature - American | 6 | 8.33 | 67% | 17% | 0% |
| Literature - British | 7 | 8.57 | 57% | 29% | 0% |
| Literature - European | 8 | 16.25 | 100% | 50% | 13% |
| Literature - World | 2 | 10.00 | 100% | 0% | 0% |
| Mythology | 2 | 10.00 | 100% | 0% | 0% |
| Other Academic | 2 | 15.00 | 100% | 50% | 0% |
| Philosophy | 10 | 10.00 | 80% | 20% | 0% |
| Religion | 6 | 11.67 | 100% | 17% | 0% |
| Science - Biology | 9 | 17.78 | 100% | 33% | 44% |
| Science - Chemistry | 8 | 11.25 | 63% | 50% | 0% |
| Science - Other | 9 | 11.11 | 78% | 22% | 11% |
| Science - Physics | 5 | 20.00 | 100% | 80% | 20% |
| Social Science | 10 | 8.00 | 70% | 10% | 0% |